000
00300nam a22001337a 4500
008
181105b xxu||||| |||| 00| 0 eng d
020
_a
9781884303005
041
_a
eng
080
_a
610
100
_a
4
101
_a
SHM
245
_a
Enzymes, The Foundation of Life
_c
Lopez, D.A
942
_2
udc
_c
BK
999
_c
51856
_d
51856